000
00248nam a2200109Ia 4500
008
190216s9999||||xx |||||||||||||| ||und||
100
_a
Edger Rice Barroughs
245
0
_a
Beats Of Tarzan
260
_b
Kiran Books
650
_a
English
942
_c
BK
999
_c
13334
_d
13334